00516nam a2200169Ia 4500008004100000020001500041050002100056100001600077245007100093260005500164300003900219650001300258650002200271650001600293650001800309999001900327150223s9999 xx 000 0 und d a9812743855 aQA 3b.EE26 2010 aEe Teck Ee. aO- Level:bAdditional Mathematics Examination notes /cEe Teck Ee. aMandaluyong City:bSAP Publications Sdn Bhd,c2010 a250 pages :bIllustration;c23 cm. aIndices. aIrrational roots. aLogarithms. aReal numbers. c283269d283269